| 000 | 00586nam a22002177a 4500 | ||
|---|---|---|---|
| 003 | OSt | ||
| 005 | 20160613191048.0 | ||
| 008 | 160613b xxu||||| |||| 00| 0 eng d | ||
| 020 | _a9780721606309 | ||
| 020 | _a072160630X | ||
| 040 | _cDNLM | ||
| 082 | _aQW4 N194p 2006 | ||
| 100 |
_aNath, Swapan K.; Revankar, Sanjay G. _99382 |
||
| 245 | _aProblem-based Microbiology | ||
| 260 | _aPhiladelphia; Saunders, 2006 | ||
| 300 | _axxi,524p; col.ill: 25.5cm | ||
| 504 | _aAppendice, & index included | ||
| 650 |
_aMicrobiology _9749 |
||
| 650 |
_aMCQS Case _99383 |
||
| 942 |
_2z _cO_SHELF |
||
| 999 |
_c4350 _d4350 |
||